| 000 | 00933nam a2200277 a 4500 | ||
|---|---|---|---|
| 001 | 33981 | ||
| 003 | BD-RjUL | ||
| 005 | 20211209052104.0 | ||
| 008 | 140512s1967 us 001 0 eng d | ||
| 035 |
_aCURL 020000332857(Edi) from rgc024 _a(BD-RjUL)34073 |
||
| 040 |
_aDLC _cDLC _dm.c _dBD-RjUL _beng |
||
| 041 | _aeng | ||
| 082 |
_a909.825 _bBLD 1967 |
||
| 100 | 1 |
_aBlack, Cyril Edwin _d1915-1989 _9103279 |
|
| 245 | 1 | 4 |
_aThe dynamics of modernization : _ba study in comparative history / _cC.E. Black |
| 260 |
_aNew York : _bHarper & Row, _c1967. |
||
| 300 |
_aviii, 206 p. [10] ; _c22 cm |
||
| 504 | _aIncludes index. | ||
| 650 | 0 |
_aCivilization, Modern _y1950- _96436 |
|
| 830 | 0 |
_vTB1321 _9103285 |
|
| 710 | 2 |
_aWoodrow Wilson School of Public and International Affairs. _bCenter of International Studies. _99882 |
|
| 830 | 0 |
_aHarper torchbooks ; _9103286 |
|
| 942 |
_2ddc _cBK |
||
| 999 |
_c33981 _d33981 |
||